000 005480000a22001810004500
003 MACL
005 20160412142533.0
008 160412b xxu||||| |||| 00| 0 eng d
040 _aMACL
_cMACL
041 _aHindi
082 _a658
100 _aचन्‍द्रसेन
_945333
245 _aमघ-निषेध:
_bनशे का व्‍यसन
260 _bशारदा प्रकाशन
_c2001
_aनई दिल्‍ली
350 _a75
650 _aSocial Problem & Services
_951957
942 _cHIN
_k658
_2ddc
999 _c19234
_d19234